|
|
|
|
| LEADER |
00970cam a2200253 7i4500 |
| 001 |
0000020127 |
| 005 |
20171110090000.0 |
| 008 |
080610 eng |
| 020 |
|
|
|a 9781401850418
|
| 020 |
|
|
|a 1401850413
|
| 040 |
|
|
|a OhCoOLI
|
| 090 |
0 |
0 |
|a TK454
|b .B79 2006
|
| 100 |
1 |
|
|a Bryant, James S
|
| 245 |
1 |
0 |
|a Circuit analysis essentials :
|b a signal processing approach
|c James S. Bryant.
|
| 260 |
|
|
|a Australia:
|b Thomson Delmar Learning,
|c 2006.
|
| 300 |
|
|
|a xv, 506 p.:
|b ill;
|c 29 cm.
|
| 500 |
|
|
|a Includes index
|
| 501 |
|
|
|a With CD : Circuit analysis essentials :a signal processing approach
|
| 650 |
0 |
0 |
|a Electronic circuit design --
|x Data processing
|
| 650 |
0 |
0 |
|a Electric circuit analysis
|
| 650 |
0 |
0 |
|a Signal processing
|
| 997 |
|
|
|a Engineering & Life Sciences, Faculty
|b Engineering, Department
|
| 999 |
|
|
|a 0000031210
|b BOK
|c OPEN SHELF
|e 1st Floor, Bestari Jaya
|
| 999 |
|
|
|a CDR0001205
|b CD-ROM
|c OPEN SHELF
|e Circulation Counter, Bestari Jaya
|